000 00567nam a2200229Ia 4500
003 OSt
005 20220926040619.0
006 a|||||r|||| 00| 0
007 ta
008 220923b |||||||| |||| 00| 0 eng d
037 _cGeneral Book
040 _aRTL
_cRTL
_beng
041 _2eng
_aeng
082 _aX:8F, K5.1-2
100 _aWilliams D Treharne
_9342437
245 0 _aElementary accounts
260 _c1965
490 _v2V
650 _aBudgeting
942 _hX:8F, K5.1-2
_cGB
_2CC
999 _c665223
_d665223